00877nam a2200253 450000100060000000300080000600500170001400800410003103500190007204000370009104100080012808200260013610000380016224500450020025000210024526000720026630000210033860000420035965000200040165000350042194200120045699900170046895201380048580501BD-RjUL20221011100430.0221011r19541936enk 000 1 eng d a(BD-RjUL)80501 aMnUbengcCaOTULASdMnUdBD-RjUL aeng 223a823.912bBRW 19541 aBramah, Ernest,d1868-1942.9515614aThe wallet of Kai Lung /cErnest Bramah. a1st complete ed. aHarmondsworth, Eng., :bPenguin Books ltd.,c1936 [reprinted 1954] a223 p. ;c21 cm. aKai Lung (Fictitious character)95157 aEnglish fiction aFantasy fiction, Chinese95158 2ddccBK c80501d80501 00102ddc40718FICaRUCLbRUCLcReadingd1956-12-11eBlackwellg0.20l0o823.912 BRW 1954r2022-10-11 00:00:00tC-1w2022-10-11yBK